Việt sử giai thoại : Tập 6, 65 giai thoại thế kỉ XVI-XVII /

Bộ Việt sử giai thoại gồm 8 tập . Tám cuốn sách được viết trên cơ sở trích dịch từ hàng trăm cuốn sách cổ. Tập 6 viết về giai đoạn lịch sử XVI-XVII. Trong phạm vi của thế kỉ XVI, cuộc hỗn chiến Nam-bắc triều ( cũng có người gọi là ch...

وصف كامل

محفوظ في:
التفاصيل البيبلوغرافية
المؤلف الرئيسي: Nguyễn Khắc Thuần
التنسيق: كتاب
اللغة:Vietnamese
منشور في: H. : Giáo Dục , 2007
الطبعة:Tái bản lần thứ 11
الموضوعات:
الوسوم: إضافة وسم
لا توجد وسوم, كن أول من يضع وسما على هذه التسجيلة!
Thư viện lưu trữ: Thư viện Trường CĐ Kỹ Thuật Cao Thắng
LEADER 01627nam a2200205 a 4500
001 TVCDKTCT9232
003 Thư viện trường Cao đẳng Kỹ thuật Cao Thắng
005 20080428000000
008 080428
980 \ \ |a Thư viện Trường CĐ Kỹ Thuật Cao Thắng 
024 |a RG_1 #1 eb0 i1 
041 0 # |a vie 
082 # # |a 959.7 /   |b V308S-ng 
100 1 # |a Nguyễn Khắc Thuần 
245 0 0 |a Việt sử giai thoại : Tập 6, 65 giai thoại thế kỉ XVI-XVII /  |c Nguyễn Khắc Thuần 
250 # # |a Tái bản lần thứ 11 
260 # # |a H. :  |b Giáo Dục ,  |c 2007 
300 # # |a 171tr. ;  |c 21cm 
520 # # |a Bộ Việt sử giai thoại gồm 8 tập . Tám cuốn sách được viết trên cơ sở trích dịch từ hàng trăm cuốn sách cổ. Tập 6 viết về giai đoạn lịch sử XVI-XVII. Trong phạm vi của thế kỉ XVI, cuộc hỗn chiến Nam-bắc triều ( cũng có người gọi là chiến tranh Lê-Mạc) là sự kiện chính trị nổi bật nhất. Sự kiện chính trị nổi bật nhất của thế kỉ XVII đó là cuộc hỗn chiến Đàng Ngoài-Đàng Trong (cũng gọi là Trịnh Nguyễn phân tranh) đã gây biết bao đau thương và tang tóc cho nhân dân cả nước ta. Sau khi không thể tiêu diệt được nhau, hai bên đã lấy sông Gianh (ở Quảng Bình ngày nay) làm giới tuyến chia cắt. 
650 # 4 |a Lịch sử--Việt Nam(XVI-XVII)